| 000 | 00446nam a2200169 a 4500 | ||
|---|---|---|---|
| 001 | 4150 | ||
| 003 | CO-ViMGA | ||
| 008 | 141112s2004 ck r 000 u spa d | ||
| 040 |
_aCO-ViMGA _bspa _cCO-ViMGA |
||
| 082 | 0 | 4 | _aCo861.44 P124s |
| 100 | 1 |
_aPacheco, Jose Emilio _954606 |
|
| 245 | 1 | 0 | _aEl silencio de la luna (poemas 1985 - 1993) |
| 260 |
_aMexico : _bEra, _c1994 |
||
| 300 | _a175 p | ||
| 650 | 1 | 4 |
_aPOESIA COLOMBIANA _91069 |
| 942 |
_2ddc _cBK |
||
| 999 |
_c16166 _d16166 |
||